| 000 | 01156nam a2200349 a 4500 | ||
|---|---|---|---|
| 001 | 000038738 | ||
| 003 | DO-SdBNP | ||
| 005 | 20180213130020.0 | ||
| 007 | 000038738 | ||
| 008 | 130419s20uu dr 000 0 spa d | ||
| 040 |
_aBPMET _bspa _cBPMET |
||
| 049 | _aBNPD | ||
| 092 |
_a378.12 _bM636p |
||
| 100 | 1 | _aMiguel, José Agustín de | |
| 245 | 1 | 0 |
_aPrograma de desarrollo profesoral / _cJosé Agustín de Miguel, Julia Mora Mora. |
| 260 |
_aSanto Domingo : _bInstituto Tecnológico de Santo Domingo, _c[19-?]. |
||
| 300 |
_a36 p. ; _c22 cm. |
||
| 504 | _aBibliografía: p.34. | ||
| 650 | 4 | _aFORMACIÓN PROFESIONAL DE MAESTROS | |
| 650 | 4 | _aPROFESORES UNIVERSITARIOS | |
| 650 | 4 | _aCAPACITACIÓN DOCENTE | |
| 650 | 4 | _aCENTROS DE ENTRENAMIENTO DE MAESTROS | |
| 700 | 1 | 2 | _aMora Mora, Julia |
| 910 | _aValidado. Control de calidad EMS | ||
| 930 | 1 |
_820140428 _f04 _pHD _g44426 _he. 3 |
|
| 942 |
_2ddc _cBK |
||
| 945 | _ainventariado, 2018 / dg | ||
| 956 |
_aWMENDOZA _b10 _c20130419 _lBND01 _h1141 |
||
| 956 |
_aNMORDAN _b10 _c20130515 _lBND01 _h1305 |
||
| 956 |
_aEMARRERO _b40 _c20150224 _lBND01 _h2107 |
||
| 956 |
_aVMATEO _b10 _c20150416 _lBND01 _h00151 |
||
| 999 |
_c7661 _d7661 |
||